000 00629nam a2200205 4500
001 109910
003 ES-MaACL
005 20230906184935.0
007 t|
008 061121s1971 sp r ||||1| spa d
100 1 _aObeso, Antonio.
_986401
245 1 0 _aMe llaman Adolf /
_cAntonio Obeso.
260 _aZarauz :
_bIcharopena,
_c1971.
300 _a101 p. ;
_c18 cm.
500 _aContiene además con port. propia: Xabier Lete. Udazkenean (Irukoa)... Zarautz, Itxaropena.
500 _aPremio Hernani 1970.
700 1 _aLete, Xabier (
_d1944-)
_9146462
740 0 _aUdazkenean.
852 _aES-MaACL
_jC-45385
_bR.78449
999 _c109910
_d109910